00768cam a2200241 a 450000100100000000500170001000800410002704000290006808200200009710000410011724500430015826000300020130000200023149000170025165000240026865000280029283000240032091000280034491000070037204900090037995201230038899900150051100000668120200929153956.0751202s1996 cu 000 f spa d aDO-SdBNPbspacLCdBNPHU aCu863.4bC297gu1 aCarpentier, Alejo,d1904-1980.9863410aGuerra del tiempo /cAlejo Carpentier. aMadrid :bAlianza,c1996. a95 p. ;c15 cm.1 aAlianza cien 4aNovela cubana92316 4aLiteratura cubana91483 0aAlianza cien912832 aCatalogación derivada aWM aBNGR 001054708MOaGRbGRcHDd2009-09-01iLF1l0oCu863.4 C297gup6681-10r2020-06-25w2020-06-25y4ZPréstamo en sala c6470d6470